| 000 | 00755cab a2200241 4500 | ||
|---|---|---|---|
| 001 | ABS55422 | ||
| 008 | 090401t1996 xxu||||| |||| 00| 0 eng d | ||
| 035 | _a(Sirsi) u16319 | ||
| 041 | _aeng | ||
| 100 | _aBrown, P. | ||
| 245 | _aSeeing red - the new Appraisal and Valuation Manual | ||
| 260 | _c1996 | ||
| 350 | _a0 | ||
| 490 |
_aInstitute of Revenues Rating and Valuation Journal _v(5) June 1996, 134-136(3) |
||
| 520 | _aExplains the significance of the new RICS Red Book to valuers. Gives a breakdown of the practice statements. | ||
| 650 | _aNEW RED BOOK | ||
| 650 | _aPRACTICE STATEMENTS | ||
| 650 | _aRICS APPRAISAL AND VALUATION MANUAL | ||
| 650 | _aVALUERS | ||
| 690 | _aRATING AND VALUATION | ||
| 942 | _n0 | ||
| 948 | _c04/03/1997 | ||
| 999 |
_c10730 _d10730 |
||